00495nam a22001457a 450000500170000000800410001702000280005804100130008608200130009910000410011224500850015326000570023830000280029565000260032320240118072624.0240118b |||||||| |||| 00| 0 eng d a0409003301 ; 0409003360 aEnglish  a349 JOU  aJoubert, WA and Scott, TJ lEnglish  aThe Law of South Africa : Civil Procedure and Costs / cWA Joubert and TJ Scott  aDurban : bButterworth Publishers (Pty) Ltd, c1985  b708 pages ; c26,5 cm.  aLegal practice bLaw